000 00540nam a2200181 i 4500
001 17778
003 ES-MaACL
007 t|
008 010524s1958 ag ||||1| spa d
080 _a910.4(99)
100 1 _aDíaz, Emilio L.
_944118
245 1 0 _aRelatos antárticos /
_cEmilio L. Díaz.
260 _aBuenos Aires :
_bLosada,
_c[1958]
300 _a272 p. :
_bil. ;
_c24 cm.
500 _aBiblioteca Juan Andrade.
651 4 _aRegiones antárticas-
_xDescubrimientos y exploraciones.
_99300
852 _aES-MaACL
_jAND-30
_bR.109360
999 _c17778
_d17778